000 01354nam a22003737a 4500
003 CHAP
005 20220329133616.0
008 971013s1992 r 00010 d
010 _a8504
011 _a9476
035 _a8711
040 _cCHAP
090 _aTesis
100 0 0 _aAyala Estrada, Alfredo.
_98934
245 _aCompetitividad y ventajas comparativas de la producción de maíz en el estado de Nuevo León a través de la matriz (resultados preliminares)
260 _aMonterrey, N.L. :
_bEl autor,
_c1992
300 _a63 h.
_b: gráfs.
502 _aTesis (Ing. Agr. Fitotecnista) -- UANL. Fac. de Agronomía
590 _aALEPH
_b10
_c20130110
_lUCH01
_h1223
590 _aBATCH-UPD
_b10
_c20130110
_lUCH01
_h0013
590 _aBATCH-UPD
_b10
_c20130110
_lUCH01
_h2051
590 _aBATCH-UPD
_b10
_c20130409
_lUCH01
_h1950
590 _aBATCH-UPD
_b10
_c20130410
_lUCH01
_h1404
590 _aBATCH-UPD
_b10
_c20130914
_lUCH01
_h0459
590 _aCONVERSION
_b10
_c20130109
_lUCH01
_h1306
650 1 4 _aMaíz
_xAspectos económicos
_xNuevo León.
_970878
650 1 4 _aMaíz
_xCostos de producción
_xNuevo León.
_970918
650 1 4 _aMaíz
_xMercadeo
_xNuevo León.
_971012
650 1 4 _aMaíz
_xNuevo León.
_971029
650 1 4 _aMaíz
_xRendimiento.
_971051
901 _aBK
942 _cTESIS
949 _bBC
_cTES
_d-19033
_eTS1
_h26296
_i8711
_si
999 _c8504
_d8504